000 02634cam a22005894i 4500
003 PE-LiUPU
005 20250731165508.0
008 150525s2010 sp a r 001 0 spa d
020 _a9788441528352
035 _a(Sirsi) i9788441528352
040 _aPE-LiUPU
_bspa
_cPE-LiUPU
_erda
041 1 _aspa
_heng
049 _aPRUA
082 0 4 _a004
_bS68
100 1 _aSoper, Mark Edward,
_eautor.
245 1 0 _aMantenimiento y reparación del PC :
_bguía para la certificación CompTIA A+ /
_cMark Edward Soper, Scott Mueller, David L. Prowse.
264 1 _a[Madrid] :
_bAnaya multimedia,
_c[2010].
300 _a1 CD-ROM
300 _a896 páginas :
_bilustraciones ;
_c23 centímetros
336 _atext
_2rdacontent
337 _aunmediated
_2rdamedia
338 _avolume
_2rdacarrier
490 0 _aTítulos especiales
504 _aÍndice alfabético : páginas 887-896.
505 0 _aLo imprescindible para el técnico de PC -- Anatomía de PC -- Placas base, procesadores y tarjetas adaptadoras -- BIOS -- Fuentes de alimentación y refrigeracíon del sistema -- RAM -- Puertos y dispositivos E/S y multimedia -- Pantallas de vídeo y tarjetas gráficas -- Ordenadores y dispositivos portátiles -- Seguridad -- Impresoras -- Dispositivos de almacenamiento -- Uso y administración de Windows -- Instalación y actualización de sistemas operativos Windows -- Resolución de problemas de Windows y mantenimiento del sistemas -- Trabajo en red -- Seguridad y mediambiente -- Resolución de problemas, métodos de comunicación y comportamiento profesional.
526 _aSEG44
526 _aSEG26
526 _aP151
526 _aP150
526 _aP149
526 _aP146
526 _aP145
526 _aP126
526 _aP125
526 _aP92
526 _aP75
526 _aP74
526 _aP27
526 _aP15
534 _pTítulo original :
_tTIA A+ Cert Guide.
541 _g043-0014410;
650 7 _aOrdenadores
_xMantenimiento.
_2embne
650 7 _aOrdenadores
_xReparaciones.
_2embne
700 1 _aMueller, Scott,
_eautor.
700 1 _aProwse, David L.,
_eautor.
910 _acce
_bjvq
_ccce
_d20150525
942 _2ddc
_cBOOK
949 _a004 S68
_wDEWEY
_c1
_i71136
_lCCODEBUL1
_mBUL
_p67.80
_r0
_sY
_tBOOK
_u2015-5-25
_xINGENIERIA
_PP27
_0COMPRA
_o.STAFF. Colección General
994 _aC0
_bPEPRU
596 _a1
999 _a004 S68
_wDEWEY
_c26661
_i71136
_f2022-4-11
_g6
_lCCODEBUL1
_mBUL
_p67.80
_q1
_r1
_sY
_tBOOK
_u2015-5-25
_xINGENIERIA
_PP27
_0COMPRA
_o.STAFF. Colección General
_d26661
980 _81
_gALBERTO SANCHEZ Responsable de Automatización